000 01018nam a2200337 a 4500
001 vtls000942169
003 NLI
005 20210627091237.0
008 111102s1957 ii s000 0 eng
020 _cRs. 1.00
039 9 _y201111021732
_zVLOAD
040 _aNLI
_beng
_cDatasoft_IOD
_eAACR2
041 0 _aeng
044 _a ii
082 0 4 _a 338.64(54)
100 1 _aPatel, Jhaverbhai
_9885014
245 1 0 _aOrganisational pattern for village industries /
_cby Jhaverbhai Patel and Vithal Patwardhan
260 _aBambay :
_bKhadi & Village Industries Commission,
_c1957
300 _a104 p. ;
_c20 cm.
500 _aLibrary has 2 cops.
650 0 _aSmall business
_zIndia
_9743307
650 0 _aScale industries
_zIndia
650 0 _aRural industries
_zIndia
700 1 _aPatwardhan, Vithal,
_4jt. aut
_9885015
887 _a
901 _a16334 date
_b30.09.1959
901 _a32447 date
_b14.05.1963
_9c.2
902 _aGP 338.64(54) p272 vi
999 _aVIRTUA40
_c763589
_d763589
942 _2ddc
_cBKS